Statystyki dla Latarnie morskie w Polsce

Kliknij tutaj aby rozwiązać quiz!

Ogólne statystyki

  • Ten quiz został rozwiązany 75 razy
  • Średni wynik to 11 z 17

Statystyki odpowiedzi

Odpowiedź% Poprawnych
Świnoujście
91%
Gdańsk Nowy Port
89%
Gdańsk Port Północny
89%
Kołobrzeg
86%
Hel
84%
Ustka
78%
Jastarnia
77%
Darłowo
72%
Sopot
69%
Krynica Morska
67%
Niechorze
63%
Jarosławiec
55%
Rozewie
55%
Gąski
53%
Stilo
47%
Czołpino
33%
Wisełka
20%

Rozkład punktacji

Percentyl według liczby udzielonych odpowiedzi

Procent ludzi z każdym wynikiem

Twoja historia wyników

Nie rozwiązałeś tego quizu